000 00769nam a2200277 i 4500
001 C2-0224811
003 PPAK
005 20180728153215.0
008 000516s1999 xx |||| ||||| | may d
020 _a9832174007
040 _aPPAK
_beng
_cPPAK
_erda
082 0 4 _a808.192
_223
090 0 0 _a808.192
_bANT
_dKAF
090 0 0 _a808.192
_bANT
_dKAR
090 0 0 _a808.192
_bANT
_dKK
090 0 0 _a808.192
_bANT
_dKSS
245 0 0 _aAntologi Puisi Penyair-Penyair Kedah
_bQalha
264 1 _a[place of publication not identified] :
_bJihaty Abadi ,
_c1999
300 _a93 pages ;
_c20 cm
336 _2rdacontent
_atext
337 _2rdamedia
_aunmediated
338 _2rdacarrier
_avolume
650 1 0 _aPoetry - Collections
700 _eauthor
942 _ddc
_cB
999 _c145627
_d145627